000 00632nam a2200193 i 4500
001 35171
003 ES-MaACL
005 20250930063042.0
007 t|
008 030212s1978 sp ||||1| spa d
100 1 _aBolívar, Simón,
_d1783-1830
_929964
245 1 0 _aDiscursos, proclamas y epistolario político /
_cSimón Bolívar ; edición por M. Hernández Sánchez-Barba.
250 _a2ª ed.
260 _aMadrid :
_bEditora Nacional,
_c[1978]
300 _a379 p. ;
_c18 cm.
700 1 _aHernández Sánchez-Barba, Mario,
_d1925-2021
_963053
852 _aES-MaACL
_jA-9859
_bR.98854
999 _c35171
_d35171